Descrizione odeporica della Spagna (Record no. 46364)

MARC details
000 -LEADER
campo de control de longitud fija 00662nam a2200157 i 4500
001 - NÚMERO DE CONTROL
campo de control 46364
003 - IDENTIFICADOR DE NÚMERO DE CONTROL
campo de control ES-MaACL
005 - FECHA Y HORA DE LA ÚLTIMA TRANSACCIÓN
campo de control 20230906161352.0
007 - CAMPO FIJO DE DESCRIPCIÓN FÍSICA--INFORMACIÓN GENERAL
campo de control de longitud fija t|
008 - DATOS DE LONGITUD FIJA--INFORMACIÓN GENERAL
campo de control de longitud fija 961125m17931797it ||||1| ita d
100 1# - ENTRADA PRINCIPAL--NOMBRE DE PERSONA
Nombre de persona Conca y Alvárez, Antonio.
9 (RLIN) 40065
245 10 - MENCIÓN DEL TÍTULO
Título Descrizione odeporica della Spagna
Resto del título : in cui spezialmente si da notizia delle cose spettanti alle belle orli degne dell'attenzione del curioso viaggiatore /
Mención de responsabilidad, etc. di Antonio Conca.
260 ## - PUBLICACIÓN, DISTRIBUCIÓN, ETC.
Lugar de publicación, distribución, etc. Parma :
Nombre del editor, distribuidor, etc. Stamperia Reale,
Fecha de publicación, distribución, etc. 1793-97.
300 ## - DESCRIPCIÓN FÍSICA
Extensión 4 v. ;
Dimensiones 22 cm.
852 ## - LOCALIZACIÓN
Ubicación ES-MaACL
Número de control de estantería R-261-4
Nota libre . - Enc. pasta con hier. dor
Encuadernación Olim : B-232-5
Holdings
Estatus retirado Estado de pérdida Estado de daño No para préstamo Colección Biblioteca de origen Biblioteca actual Ubicación en estantería Fecha de adquisición Fuente de adquisición Total de préstamos Signatura topográfica completa Código de barras Visto por última vez Precio de reemplazo Tipo de ítem Koha
        Libros del s. XVIII Biblioteca del Ateneo de Madrid Biblioteca del Ateneo de Madrid Depósito 17/01/2008     R-261-4 1048763 23/02/2023 23/02/2023 Libro impreso antiguo